000 00697nam a2200217 i 4500
001 57769
003 ES-MaACL
005 20230906163638.0
007 t|
008 031017s1965 sp ||||1| spa d
100 1 _aDubbel, H.
_945745
245 1 0 _aManual del constructor de máquinas /
_cH. Dubbel ; nueva edición dirigida por F. Sass, Ch. Bouché ; [traducida por Carlos Sènz de Magarola].
250 _a[3ª ed.].
260 _aBarcelona, etc. :
_bLabor,
_c1965.
300 _a2 v. :
_bil. ;
_c20 cm.
700 1 _aSass, F.
_9103907
700 1 _aBouché, Ch.
_930830
700 1 _aSáenz de Magarola, Carlos.
_9187177
852 _aES-MaACL
_jC-33631-2
_bR.64460
999 _c57769
_d57769